Statistiques concernant Culture Générale - Série 1312

Cliquez ici pour prendre le quiz!

Statistiques générales

  • Ce quiz a été pris 52 fois
  • Le résultat moyen est 4 sur 10

Statistiques - réponses

Question Réponse % Correct
Jusqu'à quelle ville les Sarrasins sont-ils arrivés en 732 ?Poitiers
76%
Quelle ville américaine a été détruite par un tremblement de terre en 1906 ?San Francisco
65%
Sous quel nom est connue l'actrice Greta Gustafson ?Greta Garbo
61%
Comment s'appelle le quartier noir de Manhattan ?Harlem
59%
Dans quel sport Vitas Gerulatis s'est-il illustré ?tennis
51%
Quel acteur noir a triomphé dans : "un fauteuil pour deux" ?Eddie Murphy
35%
Dans quel club Michel Platini a-t-il débuté sa carrière de footballeur professionnel ?Nancy
33%
Combien y a-t-il d'octets dans un kilo-octet ?1024
20%
Quel adversaire de James Bond s'est attaqué à Fort Knox ?Goldfinger
16%
Qui a réalisé Chinatown ?Roman Polanski
6%

Distribution des résultats

Percentile par nombre de réponses

% des personnes avec chaque résultat

Votre développement - résultats

Vous n’avez pas pris ce quiz